Highest English counties - Statistics

General Stats
  • This quiz has been taken 29 times
  • The average score is 10 of 15
Answer Stats
metres/feet Answer % Correct
987 / 3238 Cumbria
96%
628 / 2060 Lancashire
88%
736 / 2415 North Yorkshire
88%
815 / 2674 Northumberland
85%
621 / 2037 Devon
81%
548 / 1798 South Yorkshire
81%
582 / 1909 West Yorkshire
77%
636 / 2087 Derbyshire
69%
703 / 2306 Herefordshire
58%
559 / 1834 Cheshire
54%
788 / 2585 Durham
50%
540 / 1772 Shropshire
50%
519 / 1703 Somerset
50%
520 / 1706 Staffordshire
42%
542 / 1778 Greater Manchester
31%
No matching quizzes found
Score Distribution
Percent of People with Each Score
Percentile by Number Answered
Your Score History
You have not taken this quiz